<?xml version="1.0" encoding="UTF-8"?>
<record
    xmlns:xsi="http://www.w3.org/2001/XMLSchema-instance"
    xsi:schemaLocation="http://www.loc.gov/MARC21/slim http://www.loc.gov/standards/marcxml/schema/MARC21slim.xsd"
    xmlns="http://www.loc.gov/MARC21/slim">

  <leader>02300nam a22003617a 4500</leader>
  <controlfield tag="001">BRCA_9196</controlfield>
  <controlfield tag="003">FranzMayer</controlfield>
  <controlfield tag="005">20220809133030.0</controlfield>
  <controlfield tag="008">220708b        |||||||| |||| 00| 0 spa d</controlfield>
  <datafield tag="020" ind1=" " ind2=" ">
    <subfield code="a">9788494824425</subfield>
  </datafield>
  <datafield tag="040" ind1=" " ind2=" ">
    <subfield code="b">spa</subfield>
    <subfield code="c">MFM</subfield>
  </datafield>
  <datafield tag="041" ind1=" " ind2=" ">
    <subfield code="a">spa</subfield>
  </datafield>
  <datafield tag="050" ind1=" " ind2=" ">
    <subfield code="a">F1386.25</subfield>
    <subfield code="b">Z63 2018</subfield>
  </datafield>
  <datafield tag="245" ind1="0" ind2="3">
    <subfield code="a">El Z&#xF3;calo 500 a&#xF1;os : </subfield>
    <subfield code="b">narrados desde el Palacio de Moctezuma</subfield>
  </datafield>
  <datafield tag="260" ind1=" " ind2=" ">
    <subfield code="a">Espa&#xF1;a : </subfield>
    <subfield code="b">Nacional Monte de Piedad, </subfield>
    <subfield code="b">El Viso, </subfield>
    <subfield code="c">2018</subfield>
  </datafield>
  <datafield tag="300" ind1=" " ind2=" ">
    <subfield code="a">162 p. : </subfield>
    <subfield code="b">il y fot. col. ; </subfield>
    <subfield code="c">29 x 32 cm. </subfield>
  </datafield>
  <datafield tag="500" ind1=" " ind2=" ">
    <subfield code="a">Ubicaci&#xF3;n: L59-N5</subfield>
  </datafield>
  <datafield tag="500" ind1=" " ind2=" ">
    <subfield code="a">Incluye im&#xE1;genes de la Colecci&#xF3;n Museo Franz Mayer (pp. 3, 134)</subfield>
  </datafield>
  <datafield tag="500" ind1=" " ind2=" ">
    <subfield code="a">&#xCD;ndice: pp. 10-11</subfield>
  </datafield>
  <datafield tag="504" ind1=" " ind2=" ">
    <subfield code="a">Bibliograf&#xED;a: pp. 155-162</subfield>
  </datafield>
  <datafield tag="505" ind1="2" ind2=" ">
    <subfield code="t">Monte de Piedad: testigo, protagonista y hoy narrador de la Historia de M&#xE9;xico / </subfield>
    <subfield code="r">Jos&#xE9; Manuel del Barrio</subfield>
  </datafield>
  <datafield tag="505" ind1="2" ind2=" ">
    <subfield code="t">El Z&#xF3;calo: </subfield>
    <subfield code="r">palimpsesto de tinta, piedra y memoria / </subfield>
    <subfield code="g">Claudia Itzkowich Sch&#xF1;adower</subfield>
  </datafield>
  <datafield tag="505" ind1="2" ind2=" ">
    <subfield code="t">Ciudad ind&#xED;gena, ciudad espa&#xF1;ola: poder, urbanismo y vida cotidiana en la Ciudad de M&#xE9;xico durante la primera mitad del siglo XVI / </subfield>
    <subfield code="r">Alejandro Alc&#xE1;ntara Gallegos</subfield>
  </datafield>
  <datafield tag="505" ind1="2" ind2=" ">
    <subfield code="t">La Plaza Mayor de M&#xE9;xico y su vida cotidiana. Una mirada a partir de cronistas y viajeros / </subfield>
    <subfield code="r">Antonio Rubial Garc&#xED;a</subfield>
  </datafield>
  <datafield tag="505" ind1="2" ind2=" ">
    <subfield code="t">Ilusi&#xF3;n, vivencia y tragedia. La Ciudad de M&#xE9;xico de las reformas borb&#xF3;nicas a la invasi&#xF3;n de 1847 / </subfield>
    <subfield code="r">Leticia Mayer Celis</subfield>
  </datafield>
  <datafield tag="505" ind1="2" ind2=" ">
    <subfield code="t">Esa moderna man&#xED;a de derrumbar y construir. Fiesta, higiene, salud y filantrop&#xED;a en la ciudad. De la reforma al porfiriato / </subfield>
    <subfield code="r">Mar&#xED;a Dolores Lorenzo R&#xED;o</subfield>
  </datafield>
  <datafield tag="505" ind1="2" ind2=" ">
    <subfield code="t">El Centro Hist&#xF3;rico aprende a renacer: de la Revoluci&#xF3;n de 1910 al siglo XXI / </subfield>
    <subfield code="r">Claudia Itzkowich Sch&#xF1;adower</subfield>
  </datafield>
  <datafield tag="505" ind1="2" ind2=" ">
    <subfield code="t">Algunas fechas y sucesos memorables / </subfield>
    <subfield code="r">Claudia Itzkowich Sch&#xF1;adower</subfield>
  </datafield>
  <datafield tag="520" ind1=" " ind2=" ">
    <subfield code="a">Las p&#xE1;ginas de este libro permiten viajar en el tiempo y, desde el &#xE1;ngulo norponiente del Z&#xF3;calo, ser testigo de ceremonias, carnavales, batallas, cat&#xE1;strofes, fiestas y discretas escenas de la vida cotidiana, a trav&#xE9;s de la pluma de los especialistas Alejandro Alc&#xE1;ntara, Antonio Rubial, Leticia Mayer, Mar&#xED;a Dolores Lorenzo y Claudia Itzkowich.</subfield>
  </datafield>
  <datafield tag="651" ind1=" " ind2=" ">
    <subfield code="a">M&#xE9;xico</subfield>
    <subfield code="x">Historia</subfield>
    <subfield code="z">Z&#xF3;calo</subfield>
    <subfield code="9">28435</subfield>
  </datafield>
  <datafield tag="942" ind1=" " ind2=" ">
    <subfield code="2">lcc</subfield>
    <subfield code="c">B</subfield>
  </datafield>
  <datafield tag="999" ind1=" " ind2=" ">
    <subfield code="c">10815</subfield>
    <subfield code="d">10815</subfield>
  </datafield>
  <datafield tag="952" ind1=" " ind2=" ">
    <subfield code="0">0</subfield>
    <subfield code="1">0</subfield>
    <subfield code="2">lcc</subfield>
    <subfield code="4">0</subfield>
    <subfield code="7">0</subfield>
    <subfield code="a">BRCA</subfield>
    <subfield code="b">BRCA</subfield>
    <subfield code="d">2022-07-08</subfield>
    <subfield code="l">0</subfield>
    <subfield code="o">F1386.25 Z63 2018</subfield>
    <subfield code="p">CONT9969</subfield>
    <subfield code="r">2022-07-08 00:00:00</subfield>
    <subfield code="w">2022-07-08</subfield>
    <subfield code="y">B</subfield>
  </datafield>
</record>
